00360nam a2200133Ia 4500003000400000008004100004020002200045040000800067100001800075245006200093260004500155300001500200365001100215LDD181029s9999 xx 000 0 und d a195679903c595.00 cLDD aWeiner, Myron 0aBorn unfreebchild labour education & StatecMyron Weiner aNew DelhibOxford University Pressc2006 alxxxvii, 5 b595.00